| 000 | 00577nam a2200169 i 4500 | ||
|---|---|---|---|
| 001 | 70457 | ||
| 003 | ES-MaACL | ||
| 005 | 20230906170825.0 | ||
| 007 | t| | ||
| 008 | 040726s1957 sp ||||1| spa d | ||
| 100 | 1 |
_aGarcía-Trevijano Fos, José Antonio. _955343 |
|
| 245 | 1 | 0 |
_aPrincipios jurídicos de la organización administrativa / _cJosé Antonio García-Trevijano Fos. |
| 260 |
_aMadrid : _bInstituto de Estudios Políticos, _c1957. |
||
| 300 |
_a259 p. ; _c20 cm. |
||
| 710 | 2 |
_aInstituto de Estudios Políticos (Madrid) _94924 |
|
| 852 |
_aES-MaACL _jC-15492 _bR.43339 |
||
| 999 |
_c70457 _d70457 |
||